[Event "Netanya Open 2019"]
[Site "Netanya"]
[Date "2019.06.28"]
[Round "6.23"]
[White "Krayz, Alexander"]
[Black "Lukin, Elisha"]
[Result "1-0"]
[WhiteElo "2377"]
[BlackElo "2196"]
[Annotator "NA"]
[PlyCount "105"]
[EventDate "2019.06.23"]
[EventType "swiss"]
[EventCountry "ISR"]
[SourceTitle "playchess.com"]
[Source "ChessBase"]
[SourceQuality "1"]
[TimeControl "40/5400+30:1800+30"]

1. e4 {[%emt 0:00:00]} e6 {[%emt 0:02:13]} 2. d4 {[%emt 0:01:02]} d5 {[%emt 0:00:10]} 3. Nc3 {[%emt 0:00:05]} Bb4 {[%emt 0:00:17]} 4. exd5 {[%emt 0:00:05]} exd5 {[%emt 0:00:09]} 5. Bd3 {[%emt 0:00:07]} Nf6 {[%emt 0:00:25]} 6. h3 {[%emt 0:01:14]} Nbd7 {[%emt 0:00:58]} 7. Qf3 {[%emt 0:01:07]} Nf8 {[%emt 0:28:54]} 8. Bg5 {[%emt 0:05:55]} Be7 {[%emt 0:01:30]} 9. Bxf6 {[%emt 0:03:50]} Bxf6 {[%emt 0:01:03]} 10. Nxd5 {[%emt 0:00:09]} Bxd4 {[%emt 0:01:14]} 11. O-O-O {[%emt 0:00:37]} Ne6 {[%emt 0:07:56]} 12. Ne2 {[%emt 0:05:29]} Bc5 {[%emt 0:06:54]} 13. Ng3 {[%emt 0:10:34]} c6 {[%emt 0:07:32]} 14. Nc3 {[%emt 0:01:06]} Qg5+ {[%emt 0:03:47]} 15. Kb1 {[%emt 0:00:46]} Nd4 {[%emt 0:01:21]} 16. Rhe1+ {[%emt 0:13:10]} Be6 {[%emt 0:00:54]} 17. Qh5 {[%emt 0:00:06]} Qxh5 {[%emt 0:00:50]} 18. Nxh5 {[%emt 0:00:05]} O-O {[%emt 0:01:10]} 19. Nf4 {[%emt 0:01:26]} Bc8 {[%emt 0:16:31]} 20. Na4 {[%emt 0:05:04]} Bd6 {[%emt 0:00:41]} 21. Bxh7+ {[%emt 0:00:13]} Kxh7 {[%emt 0:00:01]} 22. Rxd4 {[%emt 0:00:10]} Bc7 {[%emt 0:01:39]} 23. g4 {[%emt 0:03:59]} b6 {[%emt 0:00:54]} 24. b4 {[%emt 0:07:48]} a5 {[%emt 0:00:54]} 25. Re7 {[%emt 0:01:24]} Rd8 {[%emt 0:03:12]} 26. Ne2 {[%emt 0:09:22]} Bd6 {[%emt 0:03:42]} 27. Re3 {[%emt 0:04:27]} c5 {[%emt 0:06:17]} 28. Rd1 {[%emt 0:03:30]} axb4 {[%emt 0:00:54]} 29. Nxb6 {[%emt 0:00:27]} Ra6 {[%emt 0:00:15]} 30. Nxc8 {[%emt 0:03:09]} Rxc8 {[%emt 0:02:43]} 31. c4 {[%emt 0:00:19]} Rca8 {[%emt 0:00:00]} 32. Rd2 {[%emt 0:00:29]} g5 {[%emt 0:00:00]} 33. Rf3 {[%emt 0:02:35]} Kg6 {[%emt 0:00:00]} 34. Rf5 {[%emt 0:00:26]} f6 {[%emt 0:00:40]} 35. Rfd5 {[%emt 0:01:23]} Re8 {[%emt 0:01:00]} 36. Nc1 {[%emt 0:01:12]} Bf4 {[%emt 0:00:20]} 37. Re2 {[%emt 0:00:10]} Rxe2 {[%emt 0:00:45]} 38. Nxe2 {[%emt 0:00:06]} Re6 {[%emt 0:00:07]} 39. Nxf4+ {[%emt 0:00:55]} gxf4 {[%emt 0:00:01]} 40. Rxc5 {[%emt 0:00:18]} Re1+ {[%emt 0:00:22]} 41. Kb2 {[%emt 0:30:06]} f3 {[%emt 0:06:47]} 42. Rf5 {[%emt 0:00:00]} Re2+ {[%emt 0:00:02]} 43. Kb3 {[%emt 0:00:00]} Rxf2 {[%emt 0:00:01]} 44. Kxb4 {[%emt 0:00:00]} Rf1 {[%emt 0:00:02]} 45. Kc5 {[%emt 0:00:00]} f2 {[%emt 0:00:28]} 46. a4 {[%emt 0:00:00]} Kf7 {[%emt 0:01:26]} 47. g5 {[%emt 0:00:00]} Ke6 {[%emt 0:00:02]} 48. Rxf6+ {[%emt 0:00:00]} Ke5 {[%emt 0:00:01]} 49. a5 {[%emt 0:00:00]} Ke4 {[%emt 0:02:29]} 50. a6 {[%emt 0:00:00]} Ke3 {[%emt 0:00:06]} 51. g6 {[%emt 0:00:00]} Rg1 {[%emt 0:00:46]} 52. a7 {[%emt 0:00:00]} Rg5+ {[%emt 0:00:36]} 53. Kb4 {[%emt 0:00:00]} 1-0

[Event "Netanya Open 2019"]
[Site "Netanya"]
[Date "2019.06.28"]
[Round "6.24"]
[White "Iliaguev, Nisim"]
[Black "Musyuk, Lior"]
[Result "1/2-1/2"]
[WhiteElo "2357"]
[BlackElo "2190"]
[Annotator "NA"]
[PlyCount "44"]
[EventDate "2019.06.23"]
[EventType "swiss"]
[EventCountry "ISR"]
[SourceTitle "playchess.com"]
[Source "ChessBase"]
[SourceQuality "1"]
[TimeControl "40/5400+30:1800+30"]

1. c4 {[%emt 0:00:00]} e5 {[%emt 0:00:00]} 2. g3 {[%emt 0:00:00]} Nf6 {[%emt 0:00:08]} 3. Bg2 {[%emt 0:00:00]} d5 {[%emt 0:00:39]} 4. cxd5 {[%emt 0:00:04]} Nxd5 {[%emt 0:00:07]} 5. Nc3 {[%emt 0:00:08]} Nb6 {[%emt 0:00:14]} 6. Nf3 {[%emt 0:00:26]} Nc6 {[%emt 0:00:30]} 7. O-O {[%emt 0:00:10]} Be7 {[%emt 0:00:19]} 8. d3 {[%emt 0:00:24]} O-O {[%emt 0:00:50]} 9. a3 {[%emt 0:01:09]} a5 {[%emt 0:03:10]} 10. Bd2 {[%emt 0:05:08]} Be6 {[%emt 0:02:33]} 11. Rc1 {[%emt 0:00:27]} f5 {[%emt 0:06:04]} 12. h4 {[%emt 0:03:05]} a4 {[%emt 0:02:24]} 13. Bg5 {[%emt 0:01:23]} h6 {[%emt 0:06:52]} 14. Bxe7 {[%emt 0:00:58]} Qxe7 {[%emt 0:00:26]} 15. Nd2 {[%emt 0:02:21]} Rfd8 {[%emt 0:02:28]} 16. Qe1 {[%emt 0:05:01]} Nd5 {[%emt 0:15:36]} 17. Nc4 {[%emt 0:02:22]} Qf7 {[%emt 0:04:15]} 18. Nxd5 {[%emt 0:12:44]} Bxd5 {[%emt 0:00:47]} 19. Bxd5 {[%emt 0:00:31]} Qxd5 {[%emt 0:01:08]} 20. Qc3 {[%emt 0:07:46]} Nd4 {[%emt 0:03:10]} 21. Rfe1 {[%emt 0:56:23]} f4 22. Nd2 {[%emt 0:00:30]} c6 {[%emt 0:49:20]} 1/2-1/2

[Event "Netanya Open 2019"]
[Site "Netanya"]
[Date "2019.06.28"]
[Round "6.25"]
[White "Parkhov, Yair"]
[Black "Lahav, Michal"]
[Result "1/2-1/2"]
[WhiteElo "2354"]
[BlackElo "2178"]
[Annotator "NA"]
[PlyCount "57"]
[EventDate "2019.06.23"]
[EventType "swiss"]
[EventCountry "ISR"]
[SourceTitle "playchess.com"]
[Source "ChessBase"]
[SourceQuality "1"]
[TimeControl "40/5400+30:1800+30"]

1. Nf3 {[%emt 0:02:22]} Nf6 {[%emt 0:00:00]} 2. c4 {[%emt 0:00:05]} c5 {[%emt 0:00:00]} 3. Nc3 {[%emt 0:00:06]} d5 {[%emt 0:00:00]} 4. cxd5 {[%emt 0:00:11]} Nxd5 {[%emt 0:00:02]} 5. e3 {[%emt 0:02:45]} Nc7 {[%emt 0:03:25]} 6. d4 {[%emt 0:08:42]} cxd4 {[%emt 0:06:08]} 7. exd4 {[%emt 0:01:33]} g6 {[%emt 0:01:36]} 8. Bc4 {[%emt 0:00:50]} Bg7 {[%emt 0:01:53]} 9. O-O {[%emt 0:00:10]} O-O {[%emt 0:00:09]} 10. Qe2 {[%emt 0:16:07]} Nc6 {[%emt 0:03:58]} 11. Rd1 {[%emt 0:02:17]} Na5 {[%emt 0:19:40]} 12. Bd3 {[%emt 0:02:04]} Be6 {[%emt 0:05:53]} 13. Bg5 {[%emt 0:03:24]} Re8 {[%emt 0:11:07]} 14. Rac1 {[%emt 0:12:46]} Nd5 {[%emt 0:00:54]} 15. Bb5 {[%emt 0:03:29]} Nc6 {[%emt 0:02:01]} 16. Ne5 {[%emt 0:11:58]} Rc8 {[%emt 0:00:57]} 17. Na4 {[%emt 0:02:49]} h6 {[%emt 0:06:49]} 18. Bxc6 {[%emt 0:00:14]} bxc6 {[%emt 0:00:04]} 19. Bd2 {[%emt 0:00:11]} Nb6 {[%emt 0:11:14]} 20. Nxb6 {[%emt 0:06:29]} axb6 {[%emt 0:03:21]} 21. Nxg6 {[%emt 0:02:36]} Qxd4 {[%emt 0:01:53]} 22. Nf4 {[%emt 0:01:51]} Bxa2 {[%emt 0:00:31]} 23. Nh5 {[%emt 0:01:26]} Qe5 {[%emt 0:01:03]} 24. Qg4 {[%emt 0:03:41]} Be6 {[%emt 0:00:10]} 25. Qh4 {[%emt 0:00:06]} Qxb2 {[%emt 0:06:40]} 26. Nxg7 {[%emt 0:04:18]} Qxg7 {[%emt 0:00:02]} 27. Rc3 {[%emt 0:00:09]} Kh7 {[%emt 0:01:32]} 28. Rg3 {[%emt 0:05:59]} Qf6 {[%emt 0:00:08]} 29. Qe4+ {[%emt 0:00:28]} 1/2-1/2

[Event "Netanya Open 2019"]
[Site "Netanya"]
[Date "2019.06.28"]
[Round "6.26"]
[White "Levi, Netanel"]
[Black "Goikhman, Valentin"]
[Result "0-1"]
[WhiteElo "2143"]
[BlackElo "2320"]
[Annotator "NA"]
[PlyCount "118"]
[EventDate "2019.06.23"]
[EventType "swiss"]
[EventCountry "ISR"]
[SourceTitle "playchess.com"]
[Source "ChessBase"]
[SourceQuality "1"]
[TimeControl "40/5400+30:1800+30"]

1. e4 {[%emt 0:00:00]} c5 {[%emt 0:00:00]} 2. Nf3 {[%emt 0:00:00]} d6 {[%emt 0:00:00]} 3. Bb5+ {[%emt 0:00:06]} Bd7 {[%emt 0:00:07]} 4. Bxd7+ {[%emt 0:00:03]} Qxd7 {[%emt 0:00:12]} 5. c4 {[%emt 0:00:07]} Nc6 {[%emt 0:04:31]} 6. d4 {[%emt 0:00:10]} cxd4 {[%emt 0:00:31]} 7. Nxd4 {[%emt 0:00:03]} Nf6 {[%emt 0:01:00]} 8. Nc3 {[%emt 0:00:07]} e6 {[%emt 0:06:08]} 9. b3 {[%emt 0:02:34]} Be7 {[%emt 0:10:55]} 10. Bb2 {[%emt 0:00:35]} O-O {[%emt 0:00:33]} 11. O-O {[%emt 0:00:03]} Rfd8 {[%emt 0:01:12]} 12. Nxc6 {[%emt 0:02:37]} Qxc6 {[%emt 0:03:32]} 13. Qe2 {[%emt 0:00:47]} a6 {[%emt 0:04:10]} 14. f3 {[%emt 0:04:29]} Rac8 {[%emt 0:10:48]} 15. Rac1 {[%emt 0:03:25]} h6 {[%emt 0:05:05]} 16. Kh1 {[%emt 0:00:44]} Bf8 {[%emt 0:02:08]} 17. f4 {[%emt 0:02:07]} Rc7 {[%emt 0:22:47]} 18. e5 {[%emt 0:08:54]} Ne8 {[%emt 0:02:28]} 19. Ne4 {[%emt 0:09:40]} Rcd7 {[%emt 0:04:53]} 20. Rc3 {[%emt 0:03:48]} d5 {[%emt 0:03:16]} 21. cxd5 {[%emt 0:03:15]} Qxd5 {[%emt 0:00:08]} 22. h3 {[%emt 0:00:01]} g6 {[%emt 0:03:37]} 23. Rg3 {[%emt 0:06:05]} Be7 {[%emt 0:03:58]} 24. Kh2 {[%emt 0:06:09]} Kf8 {[%emt 0:09:06]} 25. Qe3 {[%emt 0:08:05]} Qd3 {[%emt 0:00:41]} 26. Qe1 {[%emt 0:06:45]} Qc2 {[%emt 0:00:26]} 27. Rf2 {[%emt 0:02:00]} Rd1 {[%emt 0:00:34]} 28. Rxc2 {[%emt 0:03:48]} Rxe1 {[%emt 0:00:02]} 29. Nf6 {[%emt 0:00:02]} Rf1 {[%emt 0:01:09]} 30. Rgc3 {[%emt 0:01:29]} Nxf6 {[%emt 0:00:30]} 31. exf6 {[%emt 0:00:47]} Bxf6 {[%emt 0:00:18]} 32. Rd3 {[%emt 0:03:19]} Bh4 {[%emt 0:00:41]} 33. Rxd8+ {[%emt 0:09:14]} Bxd8 {[%emt 0:00:01]} 34. Rc8 {[%emt 0:00:01]} Ke7 {[%emt 0:00:27]} 35. Rb8 {[%emt 0:00:15]} Rxf4 {[%emt 0:01:00]} 36. Rxb7+ {[%emt 0:00:37]} Kd6 {[%emt 0:00:10]} 37. Ra7 {[%emt 0:06:03]} a5 {[%emt 0:00:24]} 38. Bc3 {[%emt 0:03:18]} Rf5 {[%emt 0:00:27]} 39. b4 {[%emt 0:02:36]} axb4 {[%emt 0:00:55]} 40. Bxb4+ {[%emt 0:00:01]} Kc6 {[%emt 0:00:33]} 41. g4 {[%emt 0:31:27]} Rf4 {[%emt 0:30:22]} 42. a3 {[%emt 0:00:52]} Bb6 {[%emt 0:00:35]} 43. Ra8 {[%emt 0:05:02]} Kd5 {[%emt 0:00:32]} 44. Ra6 {[%emt 0:00:00]} Bd4 {[%emt 0:00:35]} 45. Kg3 {[%emt 0:00:00]} Ke4 {[%emt 0:00:00]} 46. Bf8 {[%emt 0:00:00]} Rf3+ {[%emt 0:00:00]} 47. Kg2 {[%emt 0:00:00]} Rf2+ {[%emt 0:00:00]} 48. Kg3 {[%emt 0:00:00]} Rb2 {[%emt 0:00:00]} 49. Ra4 {[%emt 0:00:00]} Rb3+ {[%emt 0:00:00]} 50. Kg2 {[%emt 0:00:00]} h5 {[%emt 0:00:00]} 51. Rb4 {[%emt 0:00:00]} Rc3 {[%emt 0:00:00]} 52. gxh5 {[%emt 0:00:00]} gxh5 {[%emt 0:00:00]} 53. a4 {[%emt 0:00:00]} Rc2+ {[%emt 0:00:00]} 54. Kg3 {[%emt 0:00:00]} f5 {[%emt 0:00:00]} 55. a5 {[%emt 0:00:00]} Ra2 {[%emt 0:00:00]} 56. Kh4 {[%emt 0:00:00]} f4 {[%emt 0:00:00]} 57. Kxh5 {[%emt 0:00:00]} f3 {[%emt 0:00:00]} 58. Rb1 {[%emt 0:00:00]} f2 {[%emt 0:00:00]} 59. Kg4 {[%emt 0:00:40]} Ra1 {[%emt 0:00:00]} 0-1

[Event "Netanya Open 2019"]
[Site "Netanya"]
[Date "2019.06.28"]
[Round "6.27"]
[White "Rozen, Eytan"]
[Black "Hoffmann, Yair"]
[Result "1-0"]
[WhiteElo "2317"]
[BlackElo "2140"]
[Annotator "NA"]
[PlyCount "241"]
[EventDate "2019.06.23"]
[EventType "swiss"]
[EventCountry "ISR"]
[SourceTitle "playchess.com"]
[Source "ChessBase"]
[SourceQuality "1"]
[TimeControl "40/5400+30:1800+30"]

1. c4 {[%emt 0:00:00]} c6 {[%emt 0:00:00]} 2. d4 {[%emt 0:00:50]} d5 {[%emt 0:00:00]} 3. Nf3 {[%emt 0:00:33]} Nf6 {[%emt 0:00:07]} 4. Nc3 {[%emt 0:00:15]} e6 {[%emt 0:00:12]} 5. e3 {[%emt 0:00:09]} Nbd7 {[%emt 0:00:13]} 6. Bd3 {[%emt 0:00:20]} dxc4 {[%emt 0:01:03]} 7. Bxc4 {[%emt 0:00:03]} b5 {[%emt 0:00:10]} 8. Bd3 {[%emt 0:00:36]} Bb7 {[%emt 0:00:32]} 9. O-O {[%emt 0:00:22]} a6 {[%emt 0:01:03]} 10. e4 {[%emt 0:00:26]} c5 {[%emt 0:02:13]} 11. e5 {[%emt 0:03:35]} Nd5 {[%emt 0:15:17]} 12. Ng5 {[%emt 0:17:05]} Nxc3 {[%emt 0:18:20]} 13. bxc3 {[%emt 0:01:17]} Be7 {[%emt 0:00:22]} 14. Be4 {[%emt 0:11:53]} Bxg5 {[%emt 0:07:57]} 15. Bxb7 {[%emt 0:12:49]} Ra7 {[%emt 0:00:13]} 16. Bxg5 {[%emt 0:02:16]} Qxg5 {[%emt 0:00:38]} 17. Be4 {[%emt 0:02:10]} O-O {[%emt 0:10:29]} 18. f4 {[%emt 0:00:52]} Qe7 {[%emt 0:00:48]} 19. a4 {[%emt 0:09:43]} cxd4 {[%emt 0:10:36]} 20. cxd4 {[%emt 0:03:11]} bxa4 {[%emt 0:01:31]} 21. Qxa4 {[%emt 0:06:30]} Rd8 {[%emt 0:05:42]} 22. Rfd1 {[%emt 0:01:31]} Nf8 {[%emt 0:02:14]} 23. Rd3 {[%emt 0:03:41]} Qc7 {[%emt 0:02:35]} 24. Rad1 {[%emt 0:03:29]} Ng6 {[%emt 0:00:32]} 25. g3 {[%emt 0:01:06]} Ne7 {[%emt 0:01:07]} 26. d5 {[%emt 0:01:45]} Qc5+ {[%emt 0:02:10]} 27. Qd4 {[%emt 0:02:06]} Qxd4+ {[%emt 0:00:07]} 28. Rxd4 {[%emt 0:00:01]} exd5 {[%emt 0:00:38]} 29. Bxd5 {[%emt 0:00:36]} Nxd5 {[%emt 0:00:11]} 30. Rxd5 {[%emt 0:00:11]} Rxd5 {[%emt 0:00:07]} 31. Rxd5 {[%emt 0:00:01]} g6 {[%emt 0:01:07]} 32. Ra5 {[%emt 0:00:39]} Kf8 {[%emt 0:01:02]} 33. Kf2 {[%emt 0:02:12]} Ke7 {[%emt 0:01:04]} 34. Ke3 {[%emt 0:00:45]} Ke6 {[%emt 0:00:50]} 35. Ke4 {[%emt 0:04:37]} f6 {[%emt 0:01:24]} 36. h4 {[%emt 0:00:46]} fxe5 {[%emt 0:00:43]} 37. fxe5 {[%emt 0:00:41]} Ra8 {[%emt 0:00:43]} 38. g4 {[%emt 0:05:50]} h6 {[%emt 0:00:37]} 39. Kd4 {[%emt 0:02:19]} Rd8+ {[%emt 0:02:01]} 40. Ke4 {[%emt 0:01:50]} Ra8 {[%emt 0:00:06]} 41. h5 {[%emt 0:08:20]} Kf7 {[%emt 0:05:37]} 42. Rc5 {[%emt 0:06:39]} gxh5 {[%emt 0:01:11]} 43. gxh5 {[%emt 0:00:02]} a5 {[%emt 0:00:41]} 44. Kf5 {[%emt 0:05:52]} Ra7 {[%emt 0:00:19]} 45. Rc6 {[%emt 0:00:38]} a4 {[%emt 0:03:51]} 46. Rxh6 {[%emt 0:00:58]} Kf8 {[%emt 0:01:23]} 47. Rf6+ {[%emt 0:05:59]} Kg7 {[%emt 0:02:37]} 48. Rg6+ {[%emt 0:01:19]} Kf8 {[%emt 0:00:22]} 49. Rf6+ {[%emt 0:00:01]} Kg7 {[%emt 0:00:12]} 50. Rg6+ {[%emt 0:00:01]} Kf8 {[%emt 0:00:24]} 51. h6 {[%emt 0:04:23]} a3 {[%emt 0:00:35]} 52. Rg1 {[%emt 0:00:37]} a2 {[%emt 0:07:45]} 53. Ra1 {[%emt 0:00:02]} Rf7+ {[%emt 0:01:24]} 54. Kg6 {[%emt 0:01:13]} Rf2 {[%emt 0:00:15]} 55. h7 {[%emt 0:01:19]} Rg2+ {[%emt 0:00:06]} 56. Kh6 {[%emt 0:00:33]} Rh2+ {[%emt 0:00:05]} 57. Kg6 {[%emt 0:00:01]} Rg2+ {[%emt 0:00:06]} 58. Kf6 {[%emt 0:00:05]} Rf2+ {[%emt 0:00:04]} 59. Kg6 {[%emt 0:01:52]} Rg2+ {[%emt 0:00:08]} 60. Kf5 {[%emt 0:00:17]} Kg7 {[%emt 0:00:44]} 61. Rh1 {[%emt 0:00:41]} Kh8 {[%emt 0:00:05]} 62. e6 {[%emt 0:00:33]} Rf2+ {[%emt 0:00:57]} 63. Kg5 {[%emt 0:00:32]} Re2 {[%emt 0:00:16]} 64. Kf5 {[%emt 0:00:25]} Rf2+ {[%emt 0:00:09]} 65. Ke5 {[%emt 0:00:10]} Re2+ {[%emt 0:00:17]} 66. Kd6 {[%emt 0:00:15]} Rd2+ {[%emt 0:00:07]} 67. Ke5 {[%emt 0:00:04]} Re2+ {[%emt 0:00:04]} 68. Kd6 {[%emt 0:00:09]} Rd2+ {[%emt 0:00:07]} 69. Kc6 {[%emt 0:00:07]} Rc2+ {[%emt 0:00:10]} 70. Kd5 {[%emt 0:00:43]} Rd2+ {[%emt 0:00:14]} 71. Kc5 {[%emt 0:00:10]} Rc2+ {[%emt 0:00:09]} 72. Kd5 {[%emt 0:00:09]} Rd2+ {[%emt 0:00:08]} 73. Kc6 {[%emt 0:00:02]} Rc2+ {[%emt 0:00:08]} 74. Kd7 {[%emt 0:00:33]} Rd2+ {[%emt 0:00:08]} 75. Kc8 {[%emt 0:00:11]} Rc2+ {[%emt 0:00:06]} 76. Kd7 {[%emt 0:00:06]} Rd2+ {[%emt 0:00:03]} 77. Ke8 {[%emt 0:01:08]} Rh2 {[%emt 0:00:50]} 78. Rg1 {[%emt 0:02:25]} Rg2 {[%emt 0:00:25]} 79. Rh1 {[%emt 0:00:47]} Rh2 {[%emt 0:00:09]} 80. Rf1 {[%emt 0:01:05]} Rf2 {[%emt 0:00:23]} 81. Ra1 {[%emt 0:00:30]} Re2 {[%emt 0:01:15]} 82. e7 {[%emt 0:00:27]} Rd2 {[%emt 0:01:05]} 83. Rf1 {[%emt 0:00:29]} Rf2 {[%emt 0:00:45]} 84. Kd7 {[%emt 0:00:33]} Rxf1 {[%emt 0:08:16]} 85. e8=Q+ {[%emt 0:00:20]} Kxh7 {[%emt 0:00:08]} 86. Qe4+ {[%emt 0:00:18]} Kh8 {[%emt 0:00:26]} 87. Qa8+ {[%emt 0:00:30]} Kh7 {[%emt 0:00:13]} 88. Qe4+ {[%emt 0:00:01]} Kh8 {[%emt 0:00:09]} 89. Qh4+ {[%emt 0:01:16]} Kg8 {[%emt 0:00:15]} 90. Qg3+ {[%emt 0:00:32]} Kf8 {[%emt 0:00:29]} 91. Qa3+ {[%emt 0:00:28]} Kg7 {[%emt 0:00:12]} 92. Qb2+ {[%emt 0:00:26]} Kf8 {[%emt 0:00:23]} 93. Qa3+ {[%emt 0:00:37]} Kg7 {[%emt 0:00:07]} 94. Qb2+ {[%emt 0:00:29]} Kf8 {[%emt 0:23:49]} 95. Qxa2 {[%emt 0:00:00]} Rd1+ {[%emt 0:00:00]} 96. Ke6 {[%emt 0:00:00]} Re1+ {[%emt 0:00:00]} 97. Kf6 {[%emt 0:00:00]} Rf1+ {[%emt 0:00:00]} 98. Ke5 {[%emt 0:00:00]} Re1+ {[%emt 0:00:00]} 99. Kd5 {[%emt 0:00:00]} Rd1+ {[%emt 0:00:00]} 100. Kc5 {[%emt 0:00:00]} Rc1+ {[%emt 0:00:00]} 101. Kd6 {[%emt 0:00:00]} Rd1+ {[%emt 0:00:00]} 102. Kc6 {[%emt 0:00:00]} Rc1+ {[%emt 0:00:00]} 103. Kb6 {[%emt 0:00:00]} Rf1 {[%emt 0:00:00]} 104. Qe2 {[%emt 0:00:07]} Rf6+ {[%emt 0:00:00]} 105. Kc5 {[%emt 0:00:18]} Kf7 {[%emt 0:00:00]} 106. Qe4 {[%emt 0:00:55]} Kg7 {[%emt 0:00:00]} 107. Kd5 {[%emt 0:00:15]} Ra6 {[%emt 0:00:00]} 108. Qg4+ {[%emt 0:00:56]} Kf7 {[%emt 0:00:00]} 109. Qc4 {[%emt 0:00:40]} Re6 {[%emt 0:00:00]} 110. Qc7+ {[%emt 0:00:28]} Re7 {[%emt 0:00:00]} 111. Qf4+ {[%emt 0:00:15]} Ke8 {[%emt 0:00:00]} 112. Qf5 {[%emt 0:00:41]} Re1 {[%emt 0:00:00]} 113. Kd6 {[%emt 0:01:13]} Rd1+ {[%emt 0:00:00]} 114. Ke6 {[%emt 0:00:02]} Kd8 {[%emt 0:00:00]} 115. Qg5+ {[%emt 0:01:16]} Kc8 {[%emt 0:00:00]} 116. Qc5+ {[%emt 0:00:46]} Kd8 {[%emt 0:00:00]} 117. Qa5+ {[%emt 0:00:51]} Kc8 {[%emt 0:00:00]} 118. Qc3+ {[%emt 0:00:09]} Kd8 {[%emt 0:00:00]} 119. Qb3 {[%emt 0:00:07]} Rc1 {[%emt 0:00:00]} 120. Qb8+ {[%emt 0:00:08]} Rc8 {[%emt 0:00:00]} 121. Qd6+ {[%emt 0:00:05]} 1-0

[Event "Netanya Open 2019"]
[Site "Netanya"]
[Date "2019.06.28"]
[Round "6.28"]
[White "Aharon, Ofir"]
[Black "Yaniv, Yuval"]
[Result "1-0"]
[WhiteElo "2302"]
[BlackElo "2120"]
[Annotator "NA"]
[PlyCount "75"]
[EventDate "2019.06.23"]
[EventType "swiss"]
[EventCountry "ISR"]
[SourceTitle "playchess.com"]
[Source "ChessBase"]
[SourceQuality "1"]
[TimeControl "40/5400+30:1800+30"]

1. e4 {[%emt 0:01:56]} c5 {[%emt 0:00:00]} 2. Nf3 {[%emt 0:00:07]} e6 {[%emt 0:00:00]} 3. b3 {[%emt 0:00:08]} a6 {[%emt 0:01:13]} 4. Bb2 {[%emt 0:00:56]} Nc6 {[%emt 0:00:16]} 5. d4 {[%emt 0:04:44]} cxd4 {[%emt 0:00:18]} 6. Nxd4 {[%emt 0:00:06]} Bb4+ {[%emt 0:00:48]} 7. c3 {[%emt 0:03:48]} Be7 {[%emt 0:00:09]} 8. Bd3 {[%emt 0:01:32]} Nf6 {[%emt 0:02:07]} 9. Nxc6 {[%emt 0:02:33]} bxc6 {[%emt 0:03:29]} 10. e5 {[%emt 0:00:50]} Nd5 {[%emt 0:00:12]} 11. O-O {[%emt 0:01:10]} Qc7 {[%emt 0:26:53]} 12. c4 {[%emt 0:07:39]} Nf4 {[%emt 0:00:15]} 13. Be4 {[%emt 0:01:23]} Bb7 {[%emt 0:02:07]} 14. Nd2 {[%emt 0:03:23]} f5 {[%emt 0:05:54]} 15. exf6 {[%emt 0:02:10]} Bxf6 {[%emt 0:02:06]} 16. Bxf6 {[%emt 0:01:41]} gxf6 {[%emt 0:00:02]} 17. g3 {[%emt 0:06:02]} Ng6 {[%emt 0:07:33]} 18. c5 {[%emt 0:00:48]} f5 {[%emt 0:01:14]} 19. Bg2 {[%emt 0:02:03]} Qe5 {[%emt 0:19:29]} 20. Rc1 {[%emt 0:05:02]} Ke7 {[%emt 0:02:37]} 21. Re1 {[%emt 0:00:54]} Qd4 {[%emt 0:04:46]} 22. Rc4 {[%emt 0:01:01]} Qf6 {[%emt 0:00:45]} 23. Rb4 {[%emt 0:01:26]} Ra7 {[%emt 0:06:09]} 24. Nc4 {[%emt 0:00:23]} Bc8 {[%emt 0:00:50]} 25. Qd6+ {[%emt 0:03:14]} Kf7 {[%emt 0:00:06]} 26. Qb8 {[%emt 0:00:33]} Ra8 {[%emt 0:01:58]} 27. Qxa8 {[%emt 0:01:17]} Qc3 {[%emt 0:00:01]} 28. Rb8 {[%emt 0:06:55]} Qxe1+ {[%emt 0:00:02]} 29. Bf1 {[%emt 0:00:08]} Nh4 {[%emt 0:01:53]} 30. Rxc8 {[%emt 0:00:54]} Nf3+ {[%emt 0:00:10]} 31. Kg2 {[%emt 0:00:01]} Qd1 {[%emt 0:00:12]} 32. Ne5+ {[%emt 0:09:25]} Nxe5 {[%emt 0:00:16]} 33. Rxh8 {[%emt 0:00:03]} Qd5+ {[%emt 0:02:40]} 34. Kh3 {[%emt 0:00:07]} Ng6 {[%emt 0:00:17]} 35. Rxh7+ {[%emt 0:01:37]} Kf6 {[%emt 0:00:01]} 36. Qd8+ {[%emt 0:00:41]} Ke5 {[%emt 0:00:07]} 37. f4+ {[%emt 0:01:33]} Kd4 {[%emt 0:00:02]} 38. Rxd7 {[%emt 0:00:52]} 1-0

[Event "Netanya Open 2019"]
[Site "Netanya"]
[Date "2019.06.28"]
[Round "6.29"]
[White "Shvayger, Yuliya"]
[Black "Gorshtein, Asaf"]
[Result "1-0"]
[WhiteElo "2373"]
[BlackElo "2109"]
[PlyCount "63"]
[EventDate "2019.06.23"]
[EventType "swiss"]
[EventRounds "9"]
[EventCountry "ISR"]
[TimeControl "40/5400+30:1800+30"]

1. e4 c6 2. d4 d5 3. e5 Bf5 4. Nf3 e6 5. Be2 Ne7 6. O-O Nd7 7. Nbd2 Bg6 8. c4 Nf5 9. cxd5 cxd5 10. Nb3 Be7 11. Bd3 h5 12. g3 a6 13. Bf4 Nf8 14. Rc1 Nh6 15. Nc5 Bxd3 16. Qxd3 Ng6 17. Nxe6 Nxf4 18. Nxf4 Bg5 19. Nxg5 Qxg5 20. Nxd5 O-O 21. f4 Qd8 22. Ne3 Qb6 23. b3 Rfd8 24. Rfd1 Rac8 25. Rc4 Rxc4 26. bxc4 Qb2 27. Rd2 Qc1+ 28. Kg2 h4 29. g4 Rc8 30. g5 h3+ 31. Kxh3 Qh1 32. Rg2 1-0

[Event "Netanya Open 2019"]
[Site "Netanya"]
[Date "2019.06.28"]
[Round "6.30"]
[White "Brenner, Moshe"]
[Black "Gorodetzky, Matan"]
[Result "0-1"]
[WhiteElo "2098"]
[BlackElo "2316"]
[PlyCount "92"]
[EventDate "2019.06.23"]
[EventType "swiss"]
[EventRounds "9"]
[EventCountry "ISR"]
[TimeControl "40/5400+30:1800+30"]

1. d4 d5 2. Nf3 c5 3. e3 Nc6 4. b3 Nf6 5. Bb2 cxd4 6. Nxd4 e6 7. Be2 Bd6 8. Nd2 O-O 9. O-O e5 10. Nb5 a6 11. Nxd6 Qxd6 12. Nf3 Rd8 13. h3 b5 14. a3 Rb8 15. Re1 h6 16. Bf1 Bf5 17. Qe2 d4 18. Rad1 Qc5 19. b4 Qb6 20. exd4 exd4 21. Qd2 Qc7 22. Bd3 Be6 23. Bf1 Bf5 24. Bxd4 Be4 25. Qe3 Bxf3 26. gxf3 Nxd4 27. Rxd4 Qxc2 28. Bd3 Qb2 29. Rxd8+ Rxd8 30. Be4 Re8 31. Qd3 Kh8 32. Re3 Qa1+ 33. Qf1 Qd4 34. Qd3 Qb6 35. Qc2 Qd6 36. Qc5 Qf4 37. Bd3 Rd8 38. Qf5 Qd4 39. Kg2 g6 40. Qc5 Qxc5 41. bxc5 Nd5 42. Be4 Nxe3+ 43. fxe3 a5 44. Kf2 b4 45. axb4 axb4 46. Ke2 b3 0-1

[Event "Netanya Open 2019"]
[Site "Netanya"]
[Date "2019.06.28"]
[Round "6.31"]
[White "Sokolovsky, Yahli"]
[Black "Tifferet, Shaked"]
[Result "0-1"]
[WhiteElo "2054"]
[BlackElo "2236"]
[PlyCount "104"]
[EventDate "2019.06.23"]
[EventType "swiss"]
[EventRounds "9"]
[EventCountry "ISR"]
[TimeControl "40/5400+30:1800+30"]

1. e4 c5 2. Nf3 d6 3. Bb5+ Bd7 4. c4 Nf6 5. Nc3 g6 6. d4 cxd4 7. Nxd4 Bg7 8. f3 Nc6 9. Be3 Rc8 10. Bxc6 bxc6 11. c5 d5 12. e5 Ng8 13. Bf4 Nh6 14. b4 Nf5 15. Nce2 e6 16. Nxf5 exf5 17. h4 Qe7 18. Kf2 O-O 19. Qd2 h5 20. Rae1 a5 21. Nd4 axb4 22. Qxb4 Ra8 23. a4 Rfb8 24. Qa3 Rb7 25. a5 Rba7 26. Bg5 Qe8 27. Nb3 Be6 28. Bd2 Qb8 29. f4 d4 30. Nxd4 Bd5 31. Rb1 Qd8 32. Bc3 Bf8 33. Rbd1 Qc8 34. Rh3 Be7 35. Bb4 Rd7 36. Nf3 Qa6 37. Rc1 Be4 38. Nd2 Rd4 39. Nxe4 Rxe4 40. Rf3 Rb8 41. Be1 Bxh4+ 42. g3 Re2+ 43. Kg1 Rbb2 44. Qd3 Rg2+ 45. Kf1 Rh2 46. Kg1 Rbg2+ 47. Kf1 Qb7 48. Rb1 Qa7 49. gxh4 Qxc5 50. Re3 Ra2 51. Kg1 Rhe2 52. Rb7 Rxe1+ 0-1